[Event "AUTO-OPEN-2843"]
[Site "http://www.queenalice.com/game.php?id=1224817"]
[Date "2013.10.15"]
[Round "3"]
[White "Navi"]
[Black "Aspayne"]
[Result "0-1"]
[WhiteElo "2156"]
[BlackElo "1903"]

1. e4 Nf6 2. Nc3 e5 3. Nf3 Nc6 4. a3 Bc5 5. h3 O-O 6. Bc4 b6 7. d3 Bb7 8. b4 Be7
9. b5 Nd4 10. Nxd4 exd4 11. Ne2 d5 12. exd5 Nxd5 13. Bb2 Re8 14. O-O Bc5 15. Qd2
Qh4 16. Rae1 Re6 17. c3 dxc3 18. Nxc3 Rxe1 19. Qxe1 Nxc3 20. Qxc3 Qg3 0-1

[Event "AUTO-OPEN-2843"]
[Site "http://www.queenalice.com/game.php?id=1224818"]
[Date "2013.10.15"]
[Round "3"]
[White "Aspayne"]
[Black "Navi"]
[Result "1/2-1/2"]
[WhiteElo "2068"]
[BlackElo "2136"]

1. Nf3 d6 2. e4 e5 3. d4 exd4 4. Nxd4 Nf6 5. Nc3 a6 6. Bg5 Be7 7. Bd3 h6 8. Bh4
Bd7 9. O-O Nc6 10. Nf5 Bxf5 11. exf5 O-O 12. Qd2 Nh7 13. Bxe7 Nxe7 14. Rae1 Nf6
15. Ne2 Qd7 16. Ng3 d5 17. Re2 c5 18. Rfe1 Nc6 19. c3 Rae8 20. Bb1 Rxe2 21. Rxe2
Re8 22. Qe1 Rd8 23. Nf1 Qc8 24. Ne3 b5 25. h4 d4 26. cxd4 Rxd4 27. f3 Rd8 28.
Ng4 Nxg4 29. fxg4 Kf8 30. g5 hxg5 31. hxg5 1/2-1/2

[Event "AUTO-OPEN-3160"]
[Site "http://www.queenalice.com/game.php?id=1246325"]
[Date "2014.1.8"]
[Round "1"]
[White "Navi"]
[Black "NatanEstivallet"]
[Result "0-1"]
[WhiteElo "2131"]
[BlackElo "1856"]

1. e4 c5 2. Bc4 e6 3. Nc3 Nc6 4. a3 d6 5. d3 Nf6 6. Ba2 Be7 7. Nf3 Bd7 8. Bd2 a6
9. h3 Qc7 10. Be3 O-O 11. O-O Rad8 12. Qd2 e5 13. Bg5 Nd4 14. Ne1 Be8 15. Bxf6
Bxf6 16. Nd5 Qd7 17. Nxf6+ gxf6 18. f4 Kh8 19. f5 Rg8 20. c3 Nb5 21. Nf3 Qe7 22.
Rf2 Bc6 23. c4 Nd4 24. Nxd4 cxd4 25. Kh2 Rg7 26. Rf3 Rdg8 27. Rg1 Qd7 28. b3 Rc8
29. Bb1 Rcg8 30. Bc2 b5 31. Bd1 Rb8 32. g4 bxc4 33. dxc4 Bxe4 34. Rfg3 Qc6 35.
Qh6 Rbg8 36. Qxf6 Qc5 37. a4 a5 38. Qh6 d3 39. Qd2 f6 40. Bf3 Bxf3 41. Rxf3 e4
42. Re3 d5 43. cxd5 Qxd5 44. Rge1 Re7 45. Rb1 Rb8 46. Qc3 Qe5+ 47. Qxe5 Rxe5 48.
Rb2 Kg7 49. Kg3 Rb4 50. Kf4 Re7 51. h4 h6 52. h5 Rd4 53. Rd2 Kf7 54. Kg3 Re5 55.
Kf2 Ke7 56. Ke1 Kd6 57. Kd1 Rc5 58. Ke1 Ke5 59. Kf2 Kf4 60. Rg3 Rc3 61. Rb2 Rb4
62. Rg1 Rcxb3 0-1

[Event "AUTO-OPEN-3160"]
[Site "http://www.queenalice.com/game.php?id=1246326"]
[Date "2014.1.8"]
[Round "1"]
[White "NatanEstivallet"]
[Black "Navi"]
[Result "1-0"]
[WhiteElo "1947"]
[BlackElo "2161"]

1. e4 e5 2. Nf3 Nf6 3. Nxe5 Qe7 4. d4 d6 5. Nf3 Qxe4+ 6. Be2 Be7 7. O-O b6 8.
Re1 Qb7 9. c4 O-O 10. Nc3 h6 11. Nd2 c6 12. Bd3 Re8 13. Nf3 Qc7 14. Bf4 Qd8 15.
Qd2 Bf8 16. Rxe8 Qxe8 17. Re1 Qd8 18. Ne4 d5 19. Nxf6+ Qxf6 20. Re8 Bd7 21. Rxb8
Rxb8 22. Bxb8 dxc4 23. Bxc4 b5 24. Bb3 a5 25. Be5 Qd8 26. h3 a4 27. Bc2 f6 28.
Bf4 Qe7 29. Qd3 g5 30. Qg6+ Bg7 31. Bg3 Be8 32. Qh7+ Kf8 33. Qd3 Qd7 34. Nd2 Bf7
35. b3 axb3 36. Bxb3 Bxb3 37. axb3 c5 38. d5 f5 39. f3 Bd4+ 40. Bf2 Qxd5 41.
Bxd4 cxd4 42. Kf2 Kg7 43. Nb1 Qc5 44. g3 b4 45. Nd2 Qc3 46. Ke2 Qc5 47. f4 Qe7+
48. Kf2 Qc5 49. Nf3 1-0

[Event "AUTO-OPEN-3160"]
[Site "http://www.queenalice.com/game.php?id=1246327"]
[Date "2014.1.8"]
[Round "1"]
[White "Navi"]
[Black "vindaloo"]
[Result "1-0"]
[WhiteElo "2155"]
[BlackElo "1898"]

1. e4 c5 2. Bc4 e6 3. Nc3 Nc6 4. a3 g6 5. d3 Bg7 6. Bd2 Nf6 7. Bg5 O-O 8. Nf3 h6
9. Bd2 a6 10. h3 d6 11. O-O b5 12. Ba2 Ne7 13. Be3 Nd7 14. Qd2 Kh7 15. Rab1 Bb7
16. b4 c4 17. Ne2 d5 18. exd5 exd5 19. Nfd4 Nf6 20. f3 Bc8 21. dxc4 dxc4 22. c3
Nfd5 23. Bf2 f5 24. f4 Bd7 25. Rbd1 Nc6 26. Nxc6 Bxc6 27. Nd4 Bxd4 28. Bxd4 Qh4
29. Bb1 Rae8 30. Qf2 Qd8 31. Be5 Rxe5 32. fxe5 Qe7 33. Qg3 Qa7+ 34. Rd4 Re8 35.
Kh1 Qb7 36. Rd2 Re6 37. Rxf5 Qg7 38. Rf1 Rxe5 39. Bxg6+ Kh8 40. Rf7 1-0

[Event "AUTO-OPEN-3160"]
[Site "http://www.queenalice.com/game.php?id=1246328"]
[Date "2014.1.8"]
[Round "1"]
[White "vindaloo"]
[Black "Navi"]
[Result "0-1"]
[WhiteElo "1918"]
[BlackElo "2150"]

1. e4 e5 2. Nf3 Nc6 3. c3 a6 4. d4 exd4 5. Nxd4 Nxd4 6. cxd4 d5 7. e5 Bb4+ 8.
Nc3 c6 9. a3 Ba5 10. Be3 b5 11. b4 Bc7 12. g3 Ne7 13. Bg2 h6 14. O-O O-O 15. Ne2
Ng6 16. f4 Ne7 17. Bf2 Be6 18. h3 f6 19. g4 f5 20. g5 g6 21. gxh6 Rf7 22. Bh4
Rh7 23. Bg5 Kf7 24. h4 Qd7 25. Ng3 Kf8 26. h5 Qe8 27. Kf2 Ng8 28. hxg6 Qxg6 29.
Rh1 Nxh6 30. Rc1 Bd7 31. Nh5 Ng4+ 32. Kg3 Rxh5 33. Bf3 Rc8 34. Rh4 Rxh4 35. Kxh4
Qh7+ 36. Kg3 Qh2# 0-1

[Event "OS INCLIVEIS"]
[Site "http://www.queenalice.com/game.php?id=1252203"]
[Date "2014.1.29"]
[Round "-"]
[White "adelio"]
[Black "Navi"]
[Result "0-1"]
[WhiteElo "1750"]
[BlackElo "2159"]

1. b4 e5 2. b5 d5 3. Bb2 Bd6 4. e3 Nf6 5. Be2 O-O 6. h4 Be6 7. h5 h6 8. Nf3 Nbd7
9. Nh4 Nh7 10. d3 f5 11. Ng6 Re8 12. f4 Bf7 13. Nd2 Bxg6 14. hxg6 Nhf8 15. g4
exf4 16. gxf5 fxe3 17. Nf3 Nf6 18. c4 N8d7 19. cxd5 Qe7 20. Nh4 Bb4+ 21. Kf1 Qd6
22. Rh3 Qxd5 23. Bf3 Qd6 24. Qb3+ Kh8 25. d4 Ne4 26. Bxe4 Rxe4 27. Nf3 e2+ 28.
Kg2 Qe7 29. Bc3 Bxc3 30. Qxc3 e1=Q 31. Rxe1 Rxe1 32. Nxe1 Qg5+ 33. Kh1 Qxf5 34.
d5 Qxg6 35. Rg3 Qf7 36. Nf3 Nf6 37. Nh4 Qxd5+ 38. Nf3 c5 39. Kh2 Qxa2+ 40. Rg2
Qd5 41. Ne5 Re8 42. Qg3 Qxe5 43. Qxe5 Rxe5 44. Rd2 b6 45. Rd8+ Kh7 46. Ra8 c4
47. Rxa7 Rxb5 48. Rc7 Rc5 49. Rb7 c3 50. Rxb6 c2 51. Kg3 c1=Q 52. Rxf6 gxf6 53.
Kf3 Re5 54. Kg3 Qd1 55. Kf2 Qd3 56. Kg2 Re2+ 57. Kg1 Qd1# 0-1

[Event "Challenge"]
[Site "http://www.queenalice.com/game.php?id=1265473"]
[Date "2014.3.16"]
[Round "-"]
[White "Navi"]
[Black "Ebbe"]
[Result "1-0"]
[WhiteElo "2134"]
[BlackElo "1910"]

1. e4 e5 2. Nf3 Nc6 3. Nc3 Bc5 4. d3 h6 5. a3 Nf6 6. h3 d6 7. b4 Bd4 8. Nxd4
Nxd4 9. Ne2 Bd7 10. Nxd4 exd4 11. Bb2 c5 12. Be2 O-O 13. O-O b5 14. c3 a5 15.
cxd4 c4 16. d5 Re8 17. Qc2 a4 18. Bc3 Rc8 19. Rfe1 cxd3 20. Bxd3 Nh5 21. Re3 Qg5
22. Bf1 Nf4 23. Rg3 Qh5 24. Rxg7+ Kf8 25. Rg3 Ke7 26. Qb2 Rg8 27. Bf6+ Kf8 28.
Kh2 Rxg3 29. fxg3 Ng6 30. Be2 1-0

[Event "OS INCLIVEIS"]
[Site "http://www.queenalice.com/game.php?id=1267990"]
[Date "2014.3.25"]
[Round "-"]
[White "adelio"]
[Black "Navi"]
[Result "0-1"]
[WhiteElo "1732"]
[BlackElo "2133"]

1. b4 Nf6 2. c4 e6 3. a3 b6 4. Bb2 Bb7 5. Bxf6 Qxf6 6. Nc3 Qd8 7. d4 d5 8. c5 a6
9. e3 b5 10. Nf3 c6 11. Be2 Nd7 12. h4 Be7 13. h5 h6 14. g3 Qc7 15. Nh4 O-O-O
16. a4 Rdg8 17. axb5 axb5 18. Kd2 Bg5 19. Ra7 Nb8 20. Bxb5 cxb5 21. Nxb5 Qc6 22.
Qa4 Be7 23. Ra1 g5 24. Nf3 f6 25. g4 Rh7 26. Rxb7 Qxb7 27. Na7+ Kd8 28. Ne1 Rgg7
29. Nc2 Bf8 30. c6 Qxa7 31. c7+ Rxc7 32. b5 Qxa4 33. Rxa4 Rb7 34. Ra5 Rb6 35.
Kd3 Rhb7 36. e4 Rxb5 37. Ra2 Rb3+ 38. Kd2 dxe4 39. Ne3 Rb2+ 40. Rxb2 Rxb2+ 41.
Nc2 Nc6 42. Kc3 Rxc2+ 43. Kxc2 Nxd4+ 44. Kc3 Bc5 45. Kc4 Ba7 46. Kc3 Nb5+ 47.
Kc4 Bxf2 48. Kxb5 e3 49. Kc6 e2 50. Kd6 e1=Q 51. Kc6 Qd2 52. Kb7 Qd6 53. Ka8 Qd7
54. Kb8 Qa7# 0-1

[Event "AUTO-OPEN-3232"]
[Site "http://www.queenalice.com/game.php?id=1272927"]
[Date "2014.4.14"]
[Round "1"]
[White "Bennedyttas"]
[Black "Navi"]
[Result "0-1"]
[WhiteElo "1457"]
[BlackElo "2139"]

1. d4 Nf6 2. f4 b6 3. Nc3 Bb7 4. Nf3 e6 5. Ng5 h6 6. Be3 hxg5 7. fxg5 Ne4 8.
Nxe4 Bxe4 9. Qd2 d5 10. O-O-O Nc6 11. Rg1 Rxh2 12. g3 Qd7 13. b3 Bb4 14. c3 Ba3+
15. Qb2 Bxb2+ 16. Kxb2 O-O-O 17. g4 Qd6 18. a4 Rdh8 19. Bd2 Rh1 20. Rxh1 Rxh1
21. Re1 Qg3 22. Rc1 Qxg4 23. Re1 Rxf1 24. Rxf1 Qxe2 25. Rxf7 Qxd2+ 26. Ka3 Bb1
27. Rxg7 Qa2# 0-1

[Event "AUTO-OPEN-3232"]
[Site "http://www.queenalice.com/game.php?id=1272928"]
[Date "2014.4.14"]
[Round "1"]
[White "Navi"]
[Black "Bennedyttas"]
[Result "1-0"]
[WhiteElo "2160"]
[BlackElo "1561"]

1. e4 e5 2. Nf3 Nc6 3. Nc3 Nf6 4. a3 Bc5 5. b4 Bb6 6. Bc4 O-O 7. h3 Nd4 8. d3 g6
9. Nxe5 Qe8 10. Nf3 Nxf3+ 11. Qxf3 c6 12. Ne2 a6 13. Bb2 d5 14. Qxf6 dxc4 15.
Qg7# 1-0

[Event "AUTO-OPEN-3232"]
[Site "http://www.queenalice.com/game.php?id=1272953"]
[Date "2014.4.14"]
[Round "1"]
[White "XaraX"]
[Black "Navi"]
[Result "0-1"]
[WhiteElo "1925"]
[BlackElo "2111"]

1. d4 d5 2. c4 c6 3. Nc3 Nf6 4. Nf3 e6 5. cxd5 exd5 6. Bg5 Be7 7. e3 h6 8. Bh4
Be6 9. Bd3 Nbd7 10. O-O O-O 11. h3 a6 12. a3 b5 13. b4 Ne8 14. Bxe7 Qxe7 15. Re1
Nd6 16. Qc2 f5 17. Rac1 Ne4 18. Nd2 Nxd2 19. Qxd2 Nb6 20. Qd1 Nc4 21. Bxc4 dxc4
22. a4 Qxb4 23. Qc2 Qd6 24. axb5 cxb5 25. f3 Rae8 26. Rcd1 Bc8 27. Rc1 Bb7 28.
Ra1 Re6 29. Rad1 Rg6 30. Rf1 Re6 31. Rfe1 Rg6 32. e4 fxe4 33. fxe4 Qg3 34. Rf1
Rxf1+ 35. Rxf1 Qxh3 36. Rf3 Qxf3 0-1

[Event "AUTO-OPEN-3232"]
[Site "http://www.queenalice.com/game.php?id=1272954"]
[Date "2014.4.14"]
[Round "1"]
[White "Navi"]
[Black "XaraX"]
[Result "1/2-1/2"]
[WhiteElo "2089"]
[BlackElo "1920"]

1. e4 e5 2. Nf3 Nc6 3. Nc3 g6 4. a3 Bg7 5. Bc4 Nf6 6. d3 O-O 7. O-O a6 8. b4 b5
9. Ba2 d6 10. h3 Bb7 11. Bb2 Qd7 12. Qd2 a5 13. Ne2 axb4 14. axb4 Rfe8 15. Ng3
Ra7 16. Bb3 Rxa1 17. Rxa1 Ra8 18. Rxa8+ Bxa8 19. Qc1 Nxb4 20. Bxe5 dxe5 21. Qa3
Bxe4 22. Nxe4 Nxe4 23. Qxb4 Nd6 24. Nd2 Qc8 25. Ne4 Nxe4 26. dxe4 Qb7 27. Qe7
Qc8 28. Bxf7+ Kh8 29. Qc5 c6 30. Bd5 Bf8 31. Qxc6 Qxc6 32. Bxc6 b4 33. Kf1 Kg7
34. Ke2 Kf7 35. f3 g5 36. g4 Bc5 37. Bd5+ Ke7 38. Kd3 Bd4 39. Kc4 Bc3 1/2-1/2

[Event "AUTO-OPEN-3232"]
[Site "http://www.queenalice.com/game.php?id=1272971"]
[Date "2014.4.14"]
[Round "1"]
[White "Navi"]
[Black "Zugswang"]
[Result "0-1"]
[WhiteElo "2140"]
[BlackElo "2119"]

1. e4 g6 2. Bc4 d6 3. Nf3 Bg7 4. d3 Nf6 5. h3 c6 6. a3 O-O 7. O-O b5 8. Ba2 e5
9. Bg5 h6 10. Bd2 Kh7 11. Nc3 Be6 12. Bxe6 fxe6 13. b4 Nbd7 14. Bc1 a6 15. Bb2
d5 16. Nd2 Nh5 17. Nf3 d4 18. Ne2 Nf4 19. Nxf4 Rxf4 20. g3 Rf7 21. Nd2 Qg5 22.
h4 Qf6 23. Kg2 c5 24. c3 a5 25. a4 axb4 26. cxb4 cxb4 27. axb5 Rb8 28. Nc4 Qe7
29. Ra5 Nc5 30. Re1 Rbf8 31. Re2 Rf3 32. Rd2 Qf6 0-1

[Event "AUTO-OPEN-3232"]
[Site "http://www.queenalice.com/game.php?id=1272972"]
[Date "2014.4.14"]
[Round "1"]
[White "Zugswang"]
[Black "Navi"]
[Result "1-0"]
[WhiteElo "2196"]
[BlackElo "2143"]

1. e4 e5 2. f4 Bc5 3. Nf3 d6 4. Bc4 h6 5. c3 a6 6. d4 exd4 7. cxd4 Ba7 8. a4 Nd7
9. Nc3 Nb6 10. Ba2 Ne7 11. a5 Nd7 12. Be3 c6 13. Qd2 b5 14. axb6 Bxb6 15. O-O
O-O 16. f5 Kh8 17. Bxh6 Ng8 18. Bf4 Bb7 19. Bxd6 Ne7 20. Qg5 1-0

[Event "AUTO-OPEN-3294"]
[Site "http://www.queenalice.com/game.php?id=1296579"]
[Date "2014.7.22"]
[Round "1"]
[White "Franzel"]
[Black "Navi"]
[Result "1-0"]
[WhiteElo "2084"]
[BlackElo "2117"]

1. a3 e5 2. e4 Nf6 3. Nc3 a6 4. Bc4 b5 5. Ba2 d6 6. d3 h6 7. h3 Bb7 8. Nf3 Be7
9. O-O O-O 10. Be3 Nbd7 11. Qd2 c5 12. Nh4 Re8 13. Bxh6 Nxe4 14. Nxe4 Bxe4 15.
dxe4 Bxh4 16. Be3 Nb6 17. Rad1 Be7 18. f4 exf4 19. Bxf4 1-0

[Event "AUTO-OPEN-3294"]
[Site "http://www.queenalice.com/game.php?id=1296580"]
[Date "2014.7.22"]
[Round "1"]
[White "Navi"]
[Black "Franzel"]
[Result "0-1"]
[WhiteElo "2104"]
[BlackElo "2101"]

1. e4 c6 2. d4 d5 3. e5 Bf5 4. Bd3 Bxd3 5. Qxd3 e6 6. Nf3 c5 7. c4 cxd4 8. O-O
Nc6 9. a3 Rc8 10. cxd5 Qxd5 11. Re1 Nge7 12. Bf4 Ng6 13. Bg3 Be7 14. Nbd2 O-O
15. Nb3 Rfd8 16. Re2 f5 17. h3 f4 18. Bh2 Ngxe5 0-1

[Event "AUTO-OPEN-3294"]
[Site "http://www.queenalice.com/game.php?id=1296595"]
[Date "2014.7.22"]
[Round "1"]
[White "Navi"]
[Black "Hupp"]
[Result "0-1"]
[WhiteElo "2052"]
[BlackElo "1776"]

1. e4 d6 2. d4 c6 3. Nf3 Bg4 4. Be2 Nd7 5. h3 Bxf3 6. Bxf3 e5 7. d5 c5 8. c4
Ngf6 9. O-O Be7 10. Nc3 O-O 11. Be2 Re8 12. f4 exf4 13. Bxf4 Bf8 14. Qc2 Ne5 15.
Rf2 a6 16. Raf1 Nfd7 17. b3 g6 18. Nd1 Bg7 19. Nb2 b5 20. cxb5 axb5 21. Nd3 Rf8
22. Nxe5 Nxe5 23. Bxb5 Ra3 24. Ba4 Qa5 25. Bd2 Qa6 26. Bc3 c4 27. Bxe5 Bxe5 28.
Kh1 cxb3 29. Bxb3 Ra5 30. Qc7 f6 31. Qc4 Qa7 32. Re2 Rc5 33. Qd3 Rfc8 34. Qb1
Rc3 35. Ree1 Qd7 36. Re2 Rxh3+ 37. gxh3 Qxh3+ 38. Kg1 Rc3 0-1

[Event "AUTO-OPEN-3294"]
[Site "http://www.queenalice.com/game.php?id=1296596"]
[Date "2014.7.22"]
[Round "1"]
[White "Hupp"]
[Black "Navi"]
[Result "1-0"]
[WhiteElo "1716"]
[BlackElo "2082"]

1. e4 e5 2. Nf3 Nc6 3. d3 Bc5 4. Be2 h6 5. O-O d6 6. c3 a6 7. b4 Ba7 8. a3 b5 9.
Be3 Bxe3 10. fxe3 Nf6 11. h3 Bb7 12. Nbd2 O-O 13. Kh2 d5 14. Qc2 dxe4 15. dxe4
Nd7 16. c4 bxc4 17. Bxc4 Nb6 18. Bb3 Qe7 19. Qa2 Kh8 20. Rac1 Rad8 21. Rc5 Rd6
22. Rfc1 g6 23. R1c3 f6 24. Qc2 Qd7 25. Bd5 Nxd5 26. exd5 1-0